House prices fall (Record no. 118274)

MARC details
000 -LEADER
fixed length control field 01184cam a2200205 4500
001 - CONTROL NUMBER
control field WB@3612-469
008 - FIXED-LENGTH DATA ELEMENTS--GENERAL INFORMATION
fixed length control field 041104n2004 000 0 eng u
035 ## - SYSTEM CONTROL NUMBER
System control number (Sirsi) u127905
245 ## - TITLE STATEMENT
Title House prices fall
260 ## - PUBLICATION, DISTRIBUTION, ETC.
Date of publication, distribution, etc. 2004
490 ## - SERIES STATEMENT
Series statement HBOS Press Release
Volume/sequential designation (October 2004) 4 November 2004 (4)
520 ## - SUMMARY, ETC.
Summary, etc. The latest "Halifax house price index: October 2004" has been released. The findings show that house prices fell by 1.1% in Octobe 2004. Over the past year, house prices have increased by 18.5% with the annual rate of growth now below 20% for the first time in six months. There are tentative signs that the ratio of house prices to earnings may have peaked at 5.63 in July 2004 with a slight decrease to 5.57 in August. The recent series of interest rate increases have raised mortgage payments as a percentage of earnings from 14% to 19% for new borrowers over the past year. For further details go to the website. http://www.hbosplc.com/economy/nationalpressreleas e.asp
590 ## - LOCAL NOTE (RLIN)
Local note WB
590 ## - LOCAL NOTE (RLIN)
Local note WB
650 ## - SUBJECT ADDED ENTRY--TOPICAL TERM
Topical term or geographic name entry element HALIFAX HOUSE PRICE INDEX
650 ## - SUBJECT ADDED ENTRY--TOPICAL TERM
Topical term or geographic name entry element HOUSE PRICES
650 ## - SUBJECT ADDED ENTRY--TOPICAL TERM
Topical term or geographic name entry element HOUSE PRICE INFLATION
690 ## - LOCAL SUBJECT ADDED ENTRY--TOPICAL TERM (OCLC, RLIN)
Topical term or geographic name as entry element HOUSING-HOUSE PRICES
942 ## - ADDED ENTRY ELEMENTS (KOHA)
Suppress in OPAC 0
Holdings
Withdrawn status Lost status Source of classification or shelving scheme Damaged status Not for loan Home library Current library Shelving location Date acquired Total Checkouts Full call number Barcode Date last seen Copy number Price effective from Koha item type
    Dewey Decimal Classification     London London News article 04/11/2004   WB4042-08 127905-1001 06/08/2019 1 06/08/2019 News article